Score 0/16 Timer 03:00
0 Plays Today
Clue 4-Letter Word % Correct
Take down a quarterback behind the line of scrimmageSACK
87.7%
Drink through a strawSUCK
85.7%
Gas station fixturePUMP
85.6%
Quite a lotMUCH
83.1%
Beef cut near the buttRUMP
82.9%
Mountain lionPUMA
81.5%
Inclined plane found at the X GamesRAMP
81.4%
Dirt and grimeMUCK
81%
Clue 4-Letter Word % Correct
Command to an Iditarod teamMUSH
80.4%
Something to go with your bangersMASH
78%
Hoarse speech, or a type of berry?RASP
76.7%
Symptom of not letting the 'leaves of three' beRASH
71.2%
It can turn into a butterflyPUPA
54.5%
American virologist JonasSALK
51.1%
Part of a hip hop trio►SALT◄
33.7%
Part of a hip hop trio►PEPA◄
31.7%

Today's Daily Dose

Missing Word
Marvin Gaye Songs

Quick Pick
Movies of 2019

Get the Picture
Chinese Cities

You're not logged in!

Compare scores with friends on all Sporcle quizzes.
OR
Log In

Sporcle TV

Today on Sporcle TV


Watch our educational content, quiz creation guides, and fun videos on Sporcle TV.

Show Comments

Extras

Top Quizzes Today


Score Distribution

Your Account Isn't Verified!

In order to create a playlist on Sporcle, you need to verify the email address you used during registration. Go to your Sporcle Settings to finish the process.

Report this User

Report this user for behavior that violates our Community Guidelines.

Details: